000 00299nam a2200109Ia 4500
008 200302s9999 xx 000 0 und d
100 _aLim Jee Yuan
245 _aThe Malay House Rediscovering Malaysia's Indigenous Shelter System
260 _bInstitut Masyarakat
260 _c1991
300 _a152 P.,
999 _c2387
_d2387